Città che hanno ospitato l'Eurovision - Statistics

Statistiche generali
  • Questo quiz è stato fatto 118 volte
    105 dall'ultimo reset
  • Il punteggio medio è 51 su 67
Statistiche sulle risposte
Nazione Risposta Anno % Corretto
Regno Unito Londra 1960
100%
Londra 1963
100%
Londra 1968
100%
Londra 1977
100%
Irlanda Dublino 1971
98%
Dublino 1981
98%
Dublino 1988
98%
Dublino 1994
98%
Dublino 1995
98%
Dublino 1997
98%
Parigi 1978
98%
Roma 1991
98%
Torino 2022
97%
Amsterdam 1970
95%
Oslo 1996
95%
Oslo 2010
95%
Spagna Madrid 1969
94%
Svezia Stoccolma 1975
94%
Stoccolma 2000
94%
Stoccolma 2016
94%
Ucraina Kyiv 2005
93%
Kyiv 2017
93%
Italia Napoli 1965
93%
Austria Vienna 1967
93%
Vienna 2015
93%
Russia Mosca 2009
91%
Grecia Atene 2006
90%
Portogallo Lisbona 2018
90%
Lussemburgo Lussemburgo 1962
90%
Lussemburgo 1966
90%
Lussemburgo 1973
90%
Lussemburgo 1984
90%
Danimarca Copenaghen 1964
88%
Copenaghen 2001
88%
Copenaghen 2014
88%
Tel Aviv 2019
88%
Liverpool 2023
87%
Belgio Bruxelles 1987
86%
Finlandia Helsinki 2007
86%
Monaco di Baviera 1983
86%
Turchia Istanbul 2004
85%
Lettonia Riga 2003
85%
Israele Gerusalemme 1979
84%
Gerusalemme 1999
84%
Rotterdam 2021
84%
Estonia Tallin 2002
82%
Serbia Belgrado 2008
80%
Azerbaijan Baku 2012
73%
Germania Francoforte sul Meno 1957
66%
Malmö 1992
63%
Malmö 2013
63%
Jugoslavia Zagabria 1990
56%
L'Aia 1976
55%
L'Aia 1980
55%
Birmingham 1998
51%
Svizzera Lugano 1956
46%
Düsseldorf 2011
45%
Göteborg 1985
44%
Norvegia Bergen 1986
33%
Losanna 1989
30%
Brighton 1974
28%
Francia Cannes 1959
28%
Cannes 1961
28%
Edinburgo 1972
22%
Millstreet 1993
12%
Paesi Bassi Hilversum 1958
7%
Harrogate 1982
5%
Nessun quiz corrispondente trovato
Distribuzione punteggi
Percentuale di utenti per punteggio
Percentile per numero di risposta
I tuoi punteggi nel tempo
Non hai fatto questo quiz dall'ultimo reset